Traditionelle Grammatik oder Dependenzgrammatik im Unterricht?

Bibliographic Details
Main Author: Baňasová, Júlia (Author)
Format: Article
Language:German
ISBN:8096812130

MARC

LEADER 00000naa a2200000uu 4500
001 vtls010931670
003 SK-MaSNL
005 20260302122253.0
008 210902|1999 xo |||||||||||||||||ger|
015 |a SNBRA 
035 |a (urnnbn)urn:nbn:sk:snk:ar-a0b4bi 
035 |a (uuid)dad7d3ac-6b87-4225-ab12-688aff0cf5b5 
035 |a urn:nbn:sk:snk-aatwt6 
040 |a SNKBUCL  |b slo  |c SNKBUCL  |e AACR2 
041 0 |a ger 
044 |a xo  |c SK 
100 1 |a Baňasová, Júlia  |4 aut  |9 40738 
245 1 0 |a Traditionelle Grammatik oder Dependenzgrammatik im Unterricht?  |c Júlia Baňasová 
773 0 |t Plenarvorträge und Sektionsbeiträge 4. Deutschlehrertagung des Verbandes der Deutschlehrer und Germanisten der Slowakei, 24.-28. August 1998, Bratislava  |d Bratislava : Mapa Slovakia, 1999  |g S. 154-157  |z 8096812130 
958 |a OND 
958 |a article11 
958 |a chapter 
999 |c 1277285  |d 1279215